000 01102cam a2200325 i 4500
001 7885
003 Mx-PuUPA
005 20250620095952.0
008 140415s2006 mx gr 000 0 spa d
020 _a9789707850590
040 _aMx-PuUPA
_bspa
_cMx-PuUPA
_dMx-PuUPA
_erda
041 0 _aspa
100 1 _aMadrazo, Alicia,
_916913
_eautor
245 1 0 _aUn espejo para sol /
_cAlicia Madrazo
250 _aPrimera edición
264 1 _aMéxico, D.F. :
_bSM de Ediciones,
_c2006
300 _a159 páginas ;
_c21 cm
336 _2rdacontent
_atexto
_btxt
337 _2rdamedia
_asin medio
_bn
338 _2rdacarrier
_avolumen
_bnc
490 0 _aGran angular ;
_v21M
500 _a"Premio de literatura juvenil. Gran angular 2006-México". -- Cubierta. Reimpresiones: (séptima, 2011).
650 7 _2armarc
_aLiteratura juvenil
_ySiglo XXI
650 7 _2armarc
_aNovela mexicana
_ySiglo XXI
650 7 _2armarc
_aVocación
_xLiteratura
650 7 _2armarc
_aOrientación profesional
_xNovela
942 _2ddc
_cLI
_h863.7
_iM78
999 _c7885
_d7885